000 01307nam a2200349 i 4500
003 EG-GICUC
005 20260121101525.0
008 251219s1983 ua ||||fr|||| 000 0 ara d
017 _a83/4567
020 _a977-04-0030-0
040 _a EG-GICUC
_bara
_c EG-GICUC
_d EG-GICUC
_erda
041 _aara
082 0 4 _221
_a343.6
_bي س . و
092 0 4 _221
099 _aLaw1 10 343.6 ي س . و 2 ed - 1983
100 0 _aيسر انور علي
_eمؤلف.
245 1 2 _aالوجيز في علمي الإجرام والعقاب /
_cالدكتور يسر أنور علي, الدكتورة أمال عبدالرحيم عثمان.
264 1 _aالقاهرة :
_bدار النهضة العربية،
_c1982.
300 _a368 صفحة ؛
_c24 سم
336 _2rda content
_atext
337 _2rda media
_aComputer
338 _2rda carrier
_aOnline Resource
504 _a. 240-220 ببليوجرافيا: صفحات.
546 _aالنص باللغة العربية
650 1 4 _aعلم الإجرام
_2qrmak
650 1 4 _aعلم العقاب
_2qrmak
651 1 _2qrmak
700 _aالدكتورة أمال عبدالرحيم عثمان
_eمؤلف مشارك.
856 4 0 _uhttps://fll.law.cu.edu.eg/fulltext/bks/B10-06996.pdf
905 _a79
_eHassnaa
942 _2ddc
_cBK
_e21
_n0
999 _c51770
_d51770